000 00712nam a2200205 a 4500
001 000004572
005 20200929151449.0
008 780328s1970 ve 001 f spa
040 _aDO-SdBNP
_bspa
_cBNPHU
082 _a843.5
_bL622h
100 1 _aLe Sage, Alain Rene,
_d1668-1747.
_913347
245 1 0 _aHistoria de Gil Blas de Santillana /
_cAlain Rene Le Sage; traductor P. José F. de la Isla.
260 _aCaracas :
_bInstituto Nacional de Cultura y Bellas Artes,
_c1970.
300 _a245 p. ;
_c18 cm.
490 1 _aGrandes Autores
_v8
650 4 _aNovela francesa
_91075
650 4 _aLiteratura francesa
_91074
700 1 _aF. de la Isla, P. José,
_etr.
_913348
830 0 _aGrandes Autores ;
_n8
_913349
999 _c4380
_d4380